Humanizaȯ̂ em sad︢e humanizar para comunicar ou comunicar para humanizar? /

Detalles Bibliográficos
Autor principal: Cimino, Valdir
Formato: eBook
Lenguaje:portugués
Publicado: San Pablo: Editora ContraCorrente, 2017
Materias:
Acceso en línea:Acceso restringido

MARC

LEADER 00000nam a22000007a 4500
005 20191011001818.0
007 cr|||| ||||
008 191011s2017 br |||||s|||| 00||0 por d
020 |a 978-85-69220-08-4 
035 |a 30525 
040 |a vLex 
090 |c 9794  |d 9794 
100 1 |a Cimino, Valdir 
245 1 0 |a Humanizaȯ̂ em sad︢e  |h [Recurso electrn̤ico] :  |b humanizar para comunicar ou comunicar para humanizar? /  |c Valdir Cimino 
256 |a Servicio en ln̕ea 
260 |a San Pablo:  |b Editora ContraCorrente,  |c 2017 
300 |a 1 recurso electrn̤ico 
506 1 |a Disponible solo en los productos indicados  |d vLex Global  |d vLex Global (Academic Edition, excluding Law Schools)  |d vLex Global (U.S. Academic Edition, Law Schools)  |d vLex Global (U.S. Academic Edition, excluding Law Schools)  |d vLex Global (Academic Edition, Law Schools) 
650 0 4 |a Derecho Pb︢lico y Administrativo  |z Brasil 
740 0 |a vLex Libros (Servicio en ln̕ea) 
856 4 0 |u http://vlex.com/source/humaniza-o-saude-humanizar-comunicar-comunicar-humanizar-30525  |z Acceso restringido 
942 |c BOOK 
999 0 |a Public and Administrative Law